000
00301nam a22001337a 4500
008
181031b xxu||||| |||| 00| 0 eng d
020
_a
9780810375734
041
_a
eng
080
_a
370
100
_a
49
101
_a
EDU
245
_a
Profesional Careers Surce BOOK
_c
jOSEPH.k
942
_2
udc
_c
BK
999
_c
51349
_d
51349